kku e-library facility

Comprehensive Certificate Chemistry (Record no. 237)

MARC details
000 -LEADER
fixed length control field 00418nam a2200145 4500
005 - DATE AND TIME OF LATEST TRANSACTION
control field 20260424115514.0
008 - FIXED-LENGTH DATA ELEMENTS--GENERAL INFORMATION
fixed length control field 260424b |||||||| |||| 00| 0 eng d
020 ## - INTERNATIONAL STANDARD BOOK NUMBER
International Standard Book Number 978-030-830 X
100 ## - MAIN ENTRY--PERSONAL NAME
Personal name Ohia G.N.C et al
245 ## - TITLE STATEMENT
Title Comprehensive Certificate Chemistry
Statement of responsibility, etc. / G.N.C.Ohia et al
250 ## - EDITION STATEMENT
Edition statement 2nd ed
260 ## - PUBLICATION, DISTRIBUTION, ETC.
Place of publication, distribution, etc. Ibadan, Nigeria;
Name of publisher, distributor, etc. University Press PLC;
Date of publication, distribution, etc. 2005
300 ## - PHYSICAL DESCRIPTION
Extent xvi,472p.ill;
Dimensions 23.2cm
942 ## - ADDED ENTRY ELEMENTS (KOHA)
Source of classification or shelving scheme Library of Congress Classification
Suppress in OPAC No
Koha item type Books

No items available.

©2025 All rights reserved. KKU